Progressively Harder African Flags Quiz Stats

Quiz not verified by Sporcle

Challenge
Share
Tweet
Score 0/54 Timer 08:00
0 Plays Today
% Correct
South Africa
99.1%
Kenya
97.6%
Egypt
97%
Nigeria
95.6%
Morocco
93.9%
Algeria
93.7%
Tunisia
91.6%
Liberia
91.5%
Cote d'Ivoire
88%
Angola
87.9%
Seychelles
86.6%
Libya
85.6%
Uganda
84.1%
Swaziland
84%
Somalia
82.4%
Ghana
81.3%
Botswana
79%
Sudan
78.9%
Zimbabwe
75.9%
Central African Republic
75.5%
Niger
74.1%
Cameroon
73.6%
Chad
72.7%
South Sudan
72.1%
Ethiopia
71.2%
Lesotho
69.9%
Togo
69.6%
% Correct
Mauritania
69.3%
Zambia
68%
Burundi
67.6%
Cabo Verde
67.6%
Mozambique
66.1%
Democratic Republic of Congo
64.9%
Senegal
64.1%
Malawi
63.6%
Tanzania
62.9%
Comoros
59.1%
Madagascar
58.9%
Eritrea
58.6%
Benin
54.9%
Mali
54.6%
Sao Tome & Principe
54.5%
Djibouti
54.3%
Rwanda
53.8%
Mauritius
52%
Burkina Faso
50.6%
Republic of Congo
50.2%
Namibia
49.1%
Sierra Leone
49.1%
Equatorial Guinea
47%
Guinea
46.5%
Gambia
44.2%
Guinea-Bissau
43.6%
Gabon
42.3%

You're not logged in!

Compare scores with friends on all Sporcle quizzes.
Sign Up with Email
OR
Log In

You Might Also Like...

Show Comments

Extras

Top Quizzes Today


Score Distribution

Your Account Isn't Verified!

In order to create a playlist on Sporcle, you need to verify the email address you used during registration. Go to your Sporcle Settings to finish the process.